000
00307 a2200133 4500
001
148419
040
_c
Escola São Tomás de Aquino
100
_a
MACHADO, Ana Maria
240
1
0
_a
Um gato no telhado
_l
por
245
1
0
_a
Um gato no telhado
362
0
_a
1999
697
_a
*LITERATURA INFANTO
942
_c
BK
999
_c
148419
_d
148419